000 00430nam a2200169Ia 4500
005 20250508151815.0
008 008 250505s9999 xx 000 0 eng d
037 _aTextual
040 _aFEDL
_beng
_cFEDL
041 _aeng
_2eng
084 _a370, TAG
_qFEDL
100 _aTagore Rabindranath
245 0 _aHshramer rup o vikash
650 _aEducation
942 _cTEXL
_h370, TAG
999 _c1332235
_d1332235